Normal view
MARC view
Entry Topical Term
001 - CONTROL NUMBER
- control field: 68380
003 - CONTROL NUMBER IDENTIFIER
- control field: BI-BuBU
005 - DATE AND TIME OF LATEST TRANSACTION
- control field: 20130322104414.0
008 - FIXED-LENGTH DATA ELEMENTS
- fixed length control field: 130322|||a|||||| | ||| d
040 ## - CATALOGING SOURCE
- Original cataloging agency: BI-BuBU
- Transcribing agency: BI-BuBU
150 ## - HEADING--TOPICAL TERM
- Topical term or geographic name as entry element: Pouvoir monarchique : Tambour
- General subdivision: Rite
- Geographic subdivision: Burundi
670 ## - SOURCE DATA FOUND
- Source citation: Work cat.: (BI-BuBU): aut Karabagega, Martin 68378, Evolution des rapports entre tambour et pouvoir au Burundi des origines à 2008, 2008
670 ## - SOURCE DATA FOUND
- Source citation: Work cat.: (BI-BuBU): aut Karabagega, Martin 68378, Evolution des rapports entre tambour et pouvoir au Burundi des origines à 2008, 2008